000 00581nam a2200145 a 4500
001 000028841
005 20200930055154.0
008 110412s2010 dr 000 0 spa d
040 _aDO-SdBNP
_bspa
_cBNPHU
082 _axxx
_bxxxx
110 2 _aRepública Dominicana
_bMinisterio de Educación
_bVice ministerio de Participación Comunitaria
_955829
245 1 0 _aMetodología de relación escuela comunidad, apoyando la escuela efectiva /.
260 _aSanto Domingo :
_bPrograma de Iniciativas Locales de la Sociedad Civil,
_c2010
_fImpresora Mediabyte
300 _a38 p. : ;
_c28 cm.
999 _c28333
_d28333